000 00752cab a2200241 4500
001 ABS57988
008 090401t1997 xxu||||| |||| 00| 0 eng d
035 _a(Sirsi) u82417
041 _aeng
100 _aFrench, N.
245 _aMarket information management for better valuations
260 _c1997
350 _a0
490 _aJournal of Property Valuation and Investment
_v15(5) 1997, 403-410(8)
520 _aPart one of two articles on the relationship between valuations and market information. This article looks at the definitions and concepts of value.
650 _aMARKET INFORMATION
650 _aPRICE
650 _aVALUATIONS
650 _aWORTH
690 _aRATING AND VALUATION
942 _n0
948 _c28/11/1997
999 _c52037
_d52037